000 00679nam a22002177a 4500
003 UA-OsUOA
001 57723
007 ta
008 20060902b un ||||| |||| 00| 0 ukr d
090 _a252.9
_bС49
942 _cBK
040 _aUA-OsUOA
_brus
_cUA-OsUOA
_dUA-OsUOA
245 _aСлужение делу христианского просвещения
_bВыступления патриарха Алексия 2 на Международных Рождественских чтениях
300 _a141 с.
955 _a1
041 _arus
080 _a252.9
260 _aМ.
_c2008
650 7 _a2 Релігія. Теологія.
_2UDC
999 _c343805
_d343805